• 首页
  • 本馆介绍
  • 公告通知
  • 最新文献
  • 馆藏检索
  • 电子资源
  • 读者导购
  • 参考咨询
  • 我的图书馆
  • 登录
  • 详细信息显示
  • 放入我的书架
  • 预约/预借图书
  • 作者相关作品
  • 分类相关作品
  • 丛书相关作品
  • 出版社相关作品

书目信息

  • 表格格式
  • 工作单格式
  • 卡片格式
题名:
呲啶及其衍生物
    
 
作者: 肖国民 , 张进 编著
分册:  
出版信息: 北京   化学工业出版社  2007
页数: 191页
开本: 20cm
丛书名:
单 册:
中图分类: TQ253.21
科图分类:
主题词: 呲啶-衍生物-合成华学 , 衍生物 , 呲啶
电子资源:
ISBN: 978-7-5025-9777-1
000 00998nam0 2200289 450
000 01005nam0 2200289 450
000 00934nam0 2200265 450
000 00898nam0 2200253 45
005 20070516101750.12
010    @a978-7-5025-9777-1@dCNY28.00
100    @a20070309d2007 em y0chiy0120 ea
101 0  @achi
102    @aCN@b110000
105    @aa z 000yy
200 1  @a呲啶及其衍生物@Aci ding ji qi yan sheng wu@f肖国民,张进编著@zeng
210    @a北京@c化学工业出版社@d2007
215    @a191页@c图@d20cm
330    @a本书介绍了呲啶及甲基呲啶、呲啶氧化物等衍生物的合成工艺,探讨了各种条件对合成的影响,并对各种呲啶化和物合成催化剂的使用、3-甲基呲啶和4-甲基分离技术进行了较为系统的阐述。
510  1 @aPyridine and Pyridine Derivatives@zeng
606 0  @a呲啶-衍生物-合成华学
606 0  @a衍生物
606 0  @a呲啶
690    @aTQ253.21@v4
701  0 @a肖国民@Axiao guo min@4编著
701  0 @a张进@Azhong jin@4编著
801  0 @aCN@bTAOJIN@c20070516
905    @a10447@dTQ253.21@e18
    
    呲啶及其衍生物/肖国民,张进编著.-北京:化学工业出版社,2007
    191页:图;20cm
    ←并列题名:Pyridine and Pyridine Derivatives
    
    ISBN 978-7-5025-9777-1:CNY28.00
    本书介绍了呲啶及甲基呲啶、呲啶氧化物等衍生物的合成工艺,探讨了各种条件对合成的影响,并对各种呲啶化和物合成催化剂的使用、3-甲基呲啶和4-甲基分离技术进行了较为系统的阐述。
●
相关链接 在E读中查询图书 在五车中查询图书 在当当中查询图书 在豆瓣中查询图书


正题名:呲啶及其衍生物     索取号:TQ253.21/18         预约/预借

序号 登录号 条形码 馆藏地/架位号 状态 备注
1 0520604   205206043   第二样本阅览室/ [索取号:TQ253.21/18] 在馆    
2 0520605   205206052   第三借阅区/ [索取号:TQ253.21/18] 在馆    
3 0520606   205206061   第三借阅区/ [索取号:TQ253.21/18] 在馆    
4 0520607   205206070   第三借阅区/ [索取号:TQ253.21/18] 在馆    
5 0520608   205206089   第三借阅区/ [索取号:TQ253.21/18] 在馆    
6 0520609   205206098   第三借阅区/ [索取号:TQ253.21/18] 在馆    
7 0520610   205206105   第三借阅区/ [索取号:TQ253.21/18] 在馆    
8 0520611   205206114   第三借阅区/ [索取号:TQ253.21/18] 在馆    
唐山师范学院图书馆 欢迎您!
大连网信软件有限公司© 版权所有